|
|
|
|
| LEADER |
00000nam0a2200000 4500 |
| 001 |
144503 |
| 005 |
20231031143725.0 |
| 010 |
|
|
|a 9785217034369
|
| 035 |
|
|
|a (RuTPU)RU\TPU\book\156599
|
| 090 |
|
|
|a 144503
|
| 100 |
|
|
|a 20081003d2008 k y0rusy50 ca
|
| 101 |
0 |
|
|a rus
|
| 102 |
|
|
|a RU
|
| 105 |
|
|
|a a z 001zy
|
| 200 |
1 |
|
|a Ультразвуковая дефектометрия металлов с применением голографических методов
|f В. Г. Бадалян [и др.]
|g под ред. А. Х. Вопилкина
|
| 210 |
|
|
|a Москва
|c Машиностроение
|d 2008
|
| 215 |
|
|
|a 368 с.
|c ил.
|
| 320 |
|
|
|a Литература: с. 357-366.
|
| 330 |
|
|
|a Рассмотрены вопросы теории и практики ультразвуковой дефектометрии на основе алгоритмов цифровой акустической голографии применительно к эксплуатации объектов повышенной опасности. Приведены особенности различных алгоритмов получения когерентного изображения, в том числе проекции в спектральном пространстве, угловых спектров, эталонной голограммы и др. Достаточно подробно описана разработанная аппаратура серии «Авгур» и ее модификации применительно к различным объектам контроля. Показано, что информация о типе и размерах дефектов, получаемая при голографическом контроле, достаточна для оценки остаточного ресурса объекта. На основе результатов многочисленных металлографических исследований оценена погрешность измерения размеров дефектов, которая составляет ±1,5 мм. Приводится более чем 10-летний опыт применения систем серии «Авгур», прежде всего на объектах атомной энергетики; сформулированы признаки типов дефектов и алгоритмы автоматического определения их параметров. Разработаны методические основы голографического контроля широкого круга сварных соединений, которые позволили создать и аттестовать 13 специализированных методик. Представляют интерес системы для диагностики колесных пар железнодорожных вагонов, использующие цифровую акустическую голографию, в которых применена специально разработанная программа определения остаточного ресурса. Описаны перспективные методы повышения разрешающей способности и качества изображений дефектов. Предназначена для разработчиков и специалистов в области диагностики и эксплуатации объектов повышенной опасности, для центров подготовки специалистов в области неразрушающего контроля.
|
| 610 |
1 |
|
|a неразрушающий контроль
|
| 610 |
1 |
|
|a диагностика
|
| 610 |
1 |
|
|a акустические изображения
|
| 610 |
1 |
|
|a получение
|
| 610 |
1 |
|
|a голографические методы
|
| 610 |
1 |
|
|a ультразвуковые системы
|
| 610 |
1 |
|
|a данные
|
| 610 |
1 |
|
|a когерентная обработки
|
| 610 |
1 |
|
|a дефекты
|
| 610 |
1 |
|
|a размеры
|
| 610 |
1 |
|
|a измерение
|
| 610 |
1 |
|
|a погрешности
|
| 610 |
1 |
|
|a классификация
|
| 610 |
1 |
|
|a оценка
|
| 610 |
1 |
|
|a сварные соединения
|
| 610 |
1 |
|
|a железнодорожные вагоны
|
| 610 |
1 |
|
|a ультразвуковая дефектометрия
|
| 610 |
1 |
|
|a изображения
|
| 610 |
1 |
|
|a качество
|
| 610 |
1 |
|
|a улучшение
|
| 610 |
1 |
|
|a разрешение
|
| 610 |
1 |
|
|a сканирование
|
| 610 |
1 |
|
|a методы
|
| 675 |
|
|
|a 620.179.16
|v 3
|
| 701 |
|
1 |
|a Бадалян
|b В. Г.
|g Владимир Григорьевич
|
| 701 |
|
1 |
|a Базулин
|b Е. Г.
|g Евгений Геннадьевич
|
| 701 |
|
1 |
|a Вопилкин
|b А. Х.
|g Алексей Харитонович
|
| 701 |
|
1 |
|a Кононов
|b Д. А.
|
| 701 |
|
1 |
|a Самарин
|b П. Ф.
|
| 701 |
|
1 |
|a Тихонов
|b Д. С.
|
| 702 |
|
1 |
|a Вопилкин
|b А. Х.
|g Алексей Харитонович
|4 340
|
| 801 |
|
1 |
|a RU
|b 63413507
|c 20081003
|g PSBO
|
| 801 |
|
2 |
|a RU
|b 63413507
|c 20150603
|g PSBO
|
| 900 |
|
|
|a Дефектология в машиностроении
|
| 900 |
|
|
|a Физические методы контроля
|
| 942 |
|
|
|c BK
|
| 959 |
|
|
|a 86/20081002
|d 1
|e 3500,00
|f ЧЗТЛ:1
|